Minister's manual; vol. 1. (Record no. 796)

000 -LEADER
fixed length control field 00565nam a2200181 a 4500
001 - CONTROL NUMBER
control field :::00013952$&:&@@
003 - CONTROL NUMBER IDENTIFIER
control field OkBaRHE
005 - DATE AND TIME OF LATEST TRANSACTION
control field 20100324153244.0
008 - FIXED-LENGTH DATA ELEMENTS--GENERAL INFORMATION
fixed length control field s1965 j 000 0 eng u
040 ## - CATALOGING SOURCE
Transcribing agency
100 1# - MAIN ENTRY--PERSONAL NAME
Personal name Pickthorn, William E.,
245 10 - TITLE STATEMENT
Title Minister's manual; vol. 1.
260 ## - PUBLICATION, DISTRIBUTION, ETC. (IMPRINT)
Place of publication, distribution, etc Springfield, MO., :
Name of publisher, distributor, etc Gospel Publishing House
Date of publication, distribution, etc 1965
300 ## - PHYSICAL DESCRIPTION
Extent v. (1-3) ;
Dimensions 17 cm.
650 ## - SUBJECT ADDED ENTRY--TOPICAL TERM
Topical term or geographic name as entry element Occasional Services
942 ## - ADDED ENTRY ELEMENTS (KOHA)
Source of classification or shelving scheme
Koha item type Books
Copies
Price effective from Shelving location Barcode Date acquired Withdrawn status Lost status Full call number Source of classification or shelving scheme Damaged status Collection code Copy number Not for loan Permanent Location Koha item type Date last seen
2010-04-14General Stacks139522010-04-14  BV 199 .O3 P5 V.1  Reference1 RHEMA Bible Training CollegeBooks2010-04-14